La filosofía en el aula / (Record no. 186184)

MARC details
000 -LEADER
campo de control de longitud fija 01285nam a2200325 i 4500
001 - NÚMERO DE CONTROL
campo de control 186184
003 - IDENTIFICADOR DE NÚMERO DE CONTROL
campo de control SpMaBN
005 - FECHA Y HORA DE LA ÚLTIMA TRANSACCIÓN
campo de control 20250828023909.0
008 - DATOS DE LONGITUD FIJA--INFORMACIÓN GENERAL
campo de control de longitud fija 160915s1998 sp |||| | spa d
020 ## - NÚMERO INTERNACIONAL ESTÁNDAR DEL LIBRO
Número Internacional Estándar del Libro 84-7960-224-4
080 ## - NÚMERO DE LA CLASIFICACIÓN DECIMAL UNIVERSAL
Número de la Clasificación Decimal Universal 37.025
100 1# - ENTRADA PRINCIPAL--NOMBRE DE PERSONA
Nombre de persona Lipman, Matthew,
Fechas asociadas al nombre 1922-2010
9 (RLIN) 160876
245 13 - MENCIÓN DEL TÍTULO
Título La filosofía en el aula /
Mención de responsabilidad, etc. Mattew Lipman [i.e. Matthew], Ann Margaret Sharp, Frederick S. Oscanyan ; [revisión final de la traducción de Félix García Moriyón].
250 ## - MENCION DE EDICION
Mención de edición 2ª ed.
260 ## - PUBLICACIÓN, DISTRIBUCIÓN, ETC.
Lugar de publicación, distribución, etc. Madrid :
Nombre del editor, distribuidor, etc. Ediciones de la Torre,
Fecha de publicación, distribución, etc. 1998.
300 ## - DESCRIPCIÓN FÍSICA
Extensión 380 p. ;
Dimensiones 24 cm.
490 1# - MENCIÓN DE SERIE
Mención de serie Proyecto didáctico Quirón ;
Designación de volumen o secuencia 31.
Mención de serie Programa filosofía para niños
504 ## - NOTA DE BIBLIOGRAFÍA, ETC.
Nota de bibliografía, etc. Bibliografía: p. 373-380.
650 07 - PUNTO DE ACCESO ADICIONAL DE MATERIA--TÉRMINO DE MATERIA
Término de materia o nombre geográfico como elemento de entrada Filosofía-
Subdivisión general Didáctica.
9 (RLIN) 12807
650 04 - PUNTO DE ACCESO ADICIONAL DE MATERIA--TÉRMINO DE MATERIA
Término de materia o nombre geográfico como elemento de entrada Filosofía-
Subdivisión general Enseñanza.
9 (RLIN) 12809
650 07 - PUNTO DE ACCESO ADICIONAL DE MATERIA--TÉRMINO DE MATERIA
Término de materia o nombre geográfico como elemento de entrada Educación en valores
Fuente del encabezamiento o término embne
9 (RLIN) 12101
650 04 - PUNTO DE ACCESO ADICIONAL DE MATERIA--TÉRMINO DE MATERIA
Término de materia o nombre geográfico como elemento de entrada Estrategias de aprendizaje.
9 (RLIN) 12560
700 1# - ENTRADA AGREGADA--NOMBRE PERSONAL
Nombre de persona Sharp, Ann Margaret.
9 (RLIN) 160877
700 1# - ENTRADA AGREGADA--NOMBRE PERSONAL
Nombre de persona Oscanyan, F.
9 (RLIN) 160878
700 1# - ENTRADA AGREGADA--NOMBRE PERSONAL
Nombre de persona García Moriyón, Félix.
9 (RLIN) 55004
830 0# - PUNTO DE ACCESO ADICIONAL DE SERIE-TÍTULO UNIFORME
Título uniforme Proyecto didáctico Quirón ;
Designación de volumen o secuencia 31.
Título uniforme Programa filosofía para niños
9 (RLIN) 225366
852 ## - LOCALIZACIÓN
Ubicación ES-MaACL
Número de control de estantería A-13933
itemnumber 193237
Sublocalización o colección R.151254
Ubicación en estantería Depósito 1
Signatura antigua Olim: N-6933
942 ## - ELEMENTOS DE ENTRADA SECUNDARIOS (KOHA)
Fuente del sistema de clasificación o colocación Clasificación decimal universal
Tipo de ítem Koha Libro impreso
Holdings
Estatus retirado Estado de pérdida Fuente del sistema de clasificación o colocación Estado de daño No para préstamo Biblioteca de origen Biblioteca actual Ubicación en estantería Fecha de adquisición Fuente de adquisición Total de préstamos Signatura topográfica completa Código de barras Visto por última vez Precio de reemplazo Tipo de ítem Koha
    Clasificación decimal universal     Biblioteca del Ateneo de Madrid Biblioteca del Ateneo de Madrid Depósito 1 15/09/2016 Donación   A-13933 1196294 23/02/2023 23/02/2023 Libro impreso